00154 a2200073 450000100060000010000180000624500250002426000310004937202 aBowerrox D J aLogislical Managment aNew YorkbMacmillan Pubsc